000 00791nam a22002297a 4500
003 OSt
005 20250521160801.0
008 250521b |||||||| |||| 00| 0 eng d
020 _a9781784410056
040 _crda
100 _aCosta, Ericka.,
_eeditor
_9809237
245 _a Accountability and Social Accounting For Social and Non-Profit Organizations
_cedited by Ericka Costa, Lee D. Parker and Michele Andreaus
260 _aU.K.:
_bemerald,
_c2014.
300 _axiv,287p.
490 _vv.17
_aAdvances in Public Interest Accounting
500 _aSeries: Cheryl R. Lehman
504 _aReferences: Louis Beaubien, Enrico Bracci
650 _2Accounting
700 _aParker, Lee D..,
_eeditor
_9809238
700 _aAndreaus, Michele.,
_eeditor
_9809239
942 _2CC
_cGB
_e1
_n0
999 _c1428965
_d1428965